| 000 | 00632nam a2200193 a 4500 | ||
|---|---|---|---|
| 005 | 20210223121519.0 | ||
| 008 | 991125s1990 mx 000 0 spa u | ||
| 020 | _a9682316456 | ||
| 035 | _aUPN01000019131 | ||
| 049 | _aCG | ||
| 050 | 4 |
_aHG4715 _bE5.2 |
|
| 245 | 0 | 0 |
_aEn busca de la seguridad perdida : _baproximaciones a la seguridad nacional mexicana / _ccomp. por Sergio Aguayo Quezada. |
| 260 |
_aMéxico : _bSiglo XXI, _c1990. |
||
| 300 |
_a416 p. : _bcuadros |
||
| 440 | 0 | _aSociología y política | |
| 650 | 4 |
_aSEGURIDAD INTERNA - _zMEXICO _922300 |
|
| 700 | 1 |
_aAguayo Quezada, Sergio, _d1947- _ecomp. _928672 |
|
| 905 | _aLibro | ||
| 999 |
_c19131 _d19131 |
||